LEADER 01161nam a2200241 u 4500 001 000000021001 003 CaOOAMICUS 005 20070226110950.0 008 950219s1959 it f u000 u ita u 035 $a10516213 040 $aPUL(R)$bita 100 1 $aManzi, Pietro,$d1898-$0(OLS)http://pul/name/18153 245 13$aIl monastero e la chiesa di San Francesco di Paola in Cimitile :$b(con 6 illustrazioni fuori testo) /$cPietro Manzi. 260 $aRoma :$bCuria gen. dell'Ordine dei Minimi,$c1959. 300 $a59 p., 6 tav. :$bill. ;$c25 cm 504 $aNotizie bio-bibliografiche: p. 57-59. 600 04$aFranciscus de Paula,$cs.,$d1416-1507.$0(OLS)http://pul/subject/13674 610 24$aMinimi (Ordine).$0(OLS)http://pul/subject/6640 850 $aPUL 852 $aPUL$W1$xDP1 Fondo Maccarrone$y58$m1517 C 31$j29529$nBK-PRI$b $qFondi$B29529$CPULBib$Z2$F29529 $H $81 941 1 $a1 996 $6245$aIl monastero e la chiesa di San Francesco di Paola in Cimitile :$b(con 6 illustrazioni fuori testo)$9(OLS)http://pul/title/29479 996 $6260$aRoma :$bCuria gen. dell'Ordine dei Minimi$9(OLS)http://pul/publisher/56911 LEADER 01205nam a2200253 u 4500 001 000000111246 003 CaOOAMICUS 005 20080417094251.0 008 080417s2007 it u000 u ita u 020 $z978-88-217-2680-4* 040 $aPUL$bita$dMCT 100 1 $aArceri, Alessandra.$0(OLS)http://pul/name/68298 245 12$aL'affidamento condiviso :$bnuovi diritti e nuove responsabilità nella famiglia in crisi /$cAlessandra Arceri. 260 $a[S.l.] :$bIpsoa,$c2007. 300 $axiii, 313 p. ;$c24 cm. 490 1 $aNuovi percorsi di diritto di famiglia ;$v4 650 14$aAffidamento$xDiritto e legislazione.$0(OLS)http://pul/subject/22533 830 0$aNuovi percorsi di diritto di famiglia ;$v4.$0(OLS)http://pul/title/136074 850 $aPUL 852 $aPUL$W1$xSL Diritto e Scienze Sociali 3$y79$m346. 45 ARCAL 1$j127524$qDDC 21$B126224$CPULBib$Z2$F126224 $H107042 $82 941 1 $a9 996 $6020$z978-88-217-2680-4*$9(OLS)http://pul/number/137751 996 $6245$aL'affidamento condiviso :$bnuovi diritti e nuove responsabilità nella famiglia in crisi$9(OLS)http://pul/title/139881 996 $6260$a[S.l.] :$bIpsoa$9(OLS)http://pul/publisher/77155